000 005420000a22001810004500
090 _aAR
_b01742
245 1 0 _aRoof over their feet: tent - making bats of the new world tropics turn leaves into living quarters
650 1 4 _aEtología
_97606
650 1 4 _aUso del hábitat
_93825
650 1 4 _aMurciélagos
_92659
653 _gArtibeus
653 _gVampyressa
041 0 _aInglés
700 1 _aClauson, Barbara L.
_993411
100 1 _aTimm, Robert M.
_993403
942 _cARTICULO
773 1 _tNatural History
_3419
_h90
_q55-60
_d1990
_g3
999 _c10821
_d10821